00473nam a2200169Ia 4500003000400000008004100004040001600045082001600061100002000077245009300097700001600190260003800206300001000244650002200254650001400276650001300290GCL140319s9999 xx 000 0 eng d aGCL / cGCL04a004.67bF W1 aFRAASE, MICHAEL10aTHE WINDOWS INTERNET TOUR GUIDE : CRUISING THE INTERNET THE EASY WAY / cFRAASE, MICHAEL1 aJAMES, PHIL a[S.N] : bVENTANA PRESS ، c1995 a402 P04aشعر الحرب04aMICROSOFT04aINTERNET